South Eastern Kenya University

Library Online Public Access Catalogue


Building wealth : (Record no. 5103)

MARC details
000 -LEADER
fixed length control field 00925cam a2200277 a 4500
001 - CONTROL NUMBER
control field 1212977
003 - CONTROL NUMBER IDENTIFIER
control field OSt
005 - DATE AND TIME OF LATEST TRANSACTION
control field 20150703104108.0
008 - FIXED-LENGTH DATA ELEMENTS--GENERAL INFORMATION
fixed length control field 990222s1999 nyu 001 0 eng
010 ## - LIBRARY OF CONGRESS CONTROL NUMBER
LC control number 99020595
020 ## - INTERNATIONAL STANDARD BOOK NUMBER
International Standard Book Number 0887309518
040 ## - CATALOGING SOURCE
Original cataloging agency SEKU
050 00 - LIBRARY OF CONGRESS CALL NUMBER
Classification number HC 110
Item number .S3T47
100 1# - MAIN ENTRY--PERSONAL NAME
Personal name Thurow, Lester C.
245 10 - TITLE STATEMENT
Title Building wealth :
Remainder of title the new rules for individuals, companies, and nations in a knowledge-based economy /
Statement of responsibility, etc. Lester C. Thurow.
260 ## - PUBLICATION, DISTRIBUTION, ETC. (IMPRINT)
Place of publication, distribution, etc. New York, NY :
Name of publisher, distributor, etc. HarperCollins,
Date of publication, distribution, etc. c1999.
300 ## - PHYSICAL DESCRIPTION
Extent xvi, 301 p. ;
Dimensions 25 cm.
500 ## - GENERAL NOTE
General note Includes index.
650 #0 - SUBJECT ADDED ENTRY--TOPICAL TERM
Topical term or geographic name as entry element Saving and investment
Geographic subdivision United States.
650 #0 - SUBJECT ADDED ENTRY--TOPICAL TERM
Topical term or geographic name as entry element Knowledge management
Geographic subdivision United States.
650 #0 - SUBJECT ADDED ENTRY--TOPICAL TERM
Topical term or geographic name as entry element Ability
Geographic subdivision United States.
650 #0 - SUBJECT ADDED ENTRY--TOPICAL TERM
Topical term or geographic name as entry element Wealth
Geographic subdivision United States.
856 42 - ELECTRONIC LOCATION AND ACCESS
Materials specified Contributor biographical information
Uniform Resource Identifier <a href="http://www.loc.gov/catdir/enhancements/fy1308/99020595-b.html">http://www.loc.gov/catdir/enhancements/fy1308/99020595-b.html</a>
942 ## - ADDED ENTRY ELEMENTS (KOHA)
Source of classification or shelving scheme Library of Congress Classification
Koha item type General circulation
Holdings
Withdrawn status Lost status Source of classification or shelving scheme Damaged status Not for loan Home library Current library Shelving location Date acquired Source of acquisition Total Checkouts Full call number Barcode Date last seen Koha item type
    Library of Congress Classification     Main Campus Library Main Campus Library General Stacks 03/07/2015 Donation-Books for Africa   HC 110 .S3 T47 2015/001683 03/07/2015 General circulation
Kitui, Kenya.
+254736116989
library@seku.ac.ke